|
LDR
| 01889nam a2200529 a 4500 |
|---|
| 001 | 45820 |
|---|
| 003 | CZ-PrJAB |
|---|
| 005 | 20200103090246.0 |
|---|
| 007 | tu |
|---|
| 008 | 990602s1999 xr e 000 0 cze |
|---|
| 015 | | . |
‡acnb000661184 |
|---|
| 020 | | . |
‡a80-7192-257-9
‡q(brož.) :
‡cKč 99,00 |
|---|
| 035 | | . |
‡a(CZ PrNK)cpk19990661184 |
|---|
| 035 | | . |
‡a(OCoLC)43807715 |
|---|
| 040 | | . |
‡aABA001
‡bcze |
|---|
| 041 | 1 | . |
‡acze
‡hita |
|---|
| 072 | | 7. |
‡a27
‡xKřesťanství. Křesťanská církev všeobecně. Eklesiologie
‡2Konspekt
‡95 |
|---|
| 080 | | . |
‡a2-3-055.2
‡2MRF |
|---|
| 080 | | . |
‡a2-46-733
‡2MRF |
|---|
| 080 | | . |
‡a27-1/-9
‡2MRF |
|---|
| 080 | | . |
‡a27-277.2
‡2MRF |
|---|
| 080 | | . |
‡a(0:82-4)
‡2MRF |
|---|
| 100 | 1 | . |
‡aMartini, Carlo Maria,
‡d1927-2012
‡7jn20000603920
‡4aut |
|---|
| 245 | 1 | 0. |
‡aŽena svého lidu :
‡bposlání ženy v církvi /
‡cCarlo Maria Martini ; [z italského originálu ... přeložil Stanislav Přibyl] |
|---|
| 260 | | . |
‡aKostelní Vydří :
‡bKarmelitánské nakladatelství,
‡c1999 |
|---|
| 300 | | . |
‡a95 s. ;
‡c20 cm |
|---|
| 490 | 1 | . |
‡aDuchovní život |
|---|
| 504 | | . |
‡aObsahuje biblické odkazy |
|---|
| 600 | 0 | 7. |
‡aMarie,
‡cPanna
‡7ola2002100464
‡2czenas |
|---|
| 600 | 0 | 9. |
‡aMary,
‡cBlessed Virgin, Saint
‡2eczenas |
|---|
| 630 | 0 | 7. |
‡aBible.
‡pEvangelia
‡7unn2006374683
‡2czenas |
|---|
| 630 | 0 | 9. |
‡aBible.
‡pGospels
‡2eczenas |
|---|
| 650 | 0 | 7. |
‡aženy v církvi
‡7ph200853
‡2czenas |
|---|
| 650 | 0 | 7. |
‡aduchovní služba
‡7ph216551
‡2czenas |
|---|
| 650 | 0 | 7. |
‡akřesťanské učení
‡7ph122129
‡2czenas |
|---|
| 650 | 0 | 7. |
‡abiblické citáty
‡7ph118853
‡2czenas |
|---|
| 650 | 0 | 9. |
‡awomen in church work
‡2eczenas |
|---|
| 650 | 0 | 9. |
‡aspiritual service
‡2eczenas |
|---|
| 650 | 0 | 9. |
‡aChristian doctrine
‡2eczenas |
|---|
| 650 | 0 | 9. |
‡aBiblical quotations
‡2eczenas |
|---|
| 655 | | 7. |
‡aúvahy
‡7fd134000
‡2czenas |
|---|
| 655 | | 9. |
‡aessays
‡2eczenas |
|---|
| 700 | 1 | . |
‡aPřibyl, Stanislav,
‡d1966-
‡7jn20001005299
‡4trl |
|---|
| 765 | 0 | . |
‡tDonna nel suo popolo
‡9Česky |
|---|
| 830 | | 0. |
‡aDuchovní život |
|---|
| 910 | | . |
‡aABG312 |
|---|
| 995 | | . |
‡aska |
|---|
| 901 | | . |
‡a45820
‡bCZ-PrJAB
‡c45820
‡tbiblio |
|---|